Νίκος Καββαδίας είκοσι ποιήματα.

Saved in:
Bibliographic Details
Main Author: Καββαδίας, Νίκος, 1910-1975
Other Authors: Μικρούτσικος, Θάνος, 1947-2019 (Narrator)
Format: Audio
Language:Greek
Published: [Χ.τ.] : [χ.ό], [2009]
Subjects:
Tags: Add Tag
No Tags, Be the first to tag this record!

MARC

LEADER 00000cjm a2200000 i 4500
001 1/7421
008 100513s2009 gr ||||||| | | gre||
035 |l 10107855 
040 |a GR-MyUa  |b gre  |e AACR2 
041 0 |a gre 
082 7 |a 889.1   |2 (22) 
100 1 |a Καββαδίας, Νίκος,   |d 1910-1975. 
245 1 0 |a Νίκος Καββαδίας   |h [ηχογράφηση] :   |b είκοσι ποιήματα. 
260 |a [Χ.τ.] :   |b [χ.ό],   |c [2009] 
300 |a 1 δίσκος CD (38 λεπτ.) :   |b ψηφιακός, στέρεο ;   |c 4 3/4 ίν. 
500 |a Διανέμεται δωρεάν με το τεύχος 202 (Οκτ-Νοε-Δεκ 2009) του περιοδικού "Η λέξη". 
505 8 |a 1. Μαραμπού -- 2. Ένα μαχαίρι -- 3. Ο πιλότος Νάγκελ -- 4. Ένας νέγρος θερμαστής από το Τζιμπουτί -- 5. Mal du depart -- 6. William George Allum -- 7. Παραλληλισμοί -- 8. Πούσι -- 9. Kuro Sivo -- 10. Αρμίδα -- 12. Εσμεράλδα -- 13. Federico Garcia Lorca -- 14. Θεσσαλονίκη -- 15. Σταυρός του Νότου -- 16. Μαρέα -- 17. Λύχνος του Αλαδδίνου -- 18. Cocos Islands -- 19.Γυναίκα -- 20. Οι εφτά νάνοι στο S/S Cyrenia. 
511 0 |a Διαβάζει ο Θάνος Μικρούτσικος. 
650 0 |a Greek poetry, Modern  |y 20th century. 
700 1 |a Μικρούτσικος, Θάνος,   |d 1947-2019,  |e nrt 
852 |a INST  |b SYROS  |c AV  |e 20100513  |h 889.1 ΚΑΒ  |p 005500007678  |q 005500007678  |t CD  |y 23 
901 |a BIBL1-2006-1 
970 |a Κοντού  |b Παρασκευή  |z 13/05/2010